| 000 | 00361cam a2200145ua 4500 | ||
|---|---|---|---|
| 041 |
_aeng _h |
||
| 082 |
_a320.58 _bRAD/MA |
||
| 100 | _aRadhakrishnan, C. | ||
| 245 |
_aMahamagandhi / _cRadhakrishnan. _hTextual Documents |
||
| 260 |
_aMadras : _bThe National publishing Co. , _c1968. |
||
| 300 | _a401 ; . | ||
| 504 | _a | ||
| 942 | _cBK | ||
| 999 |
_c12414 _d12414 |
||